[Event "XXXIV Festival Conca della Presolana Magistrale"]
[Site "Bratto - Castione della Presolana ITA"]
[Date "2014.08.25"]
[Round "4"]
[White "Locatelli, Andrea"]
[Black "Bonassi, Tommaso"]
[WhiteElo "2138"]
[BlackElo "2012"]
[Result "1-0"]
[PlyCount "97"]
[EventDate "2014.08.22"]

1. e4 c5 2. Nf3 e6 3. c3 d5 4. e5 Nc6 5. d4 f6 6. Bd3 Bd7 7. O-O f5 8. a3 Qb6
9. dxc5 Bxc5 10. b4 Be7 11. c4 dxc4 12. Bxc4 Qc7 13. Qb3 Nd8 14. Nbd2 b5 15.
Bd3 Nh6 16. Bb2 O-O 17. Nd4 a6 18. N2f3 Kh8 19. Rac1 Qb7 20. Rc2 Rc8 21. Rfc1
Rxc2 22. Qxc2 Ndf7 23. Qb3 Nd8 24. Bb1 Nhf7 25. Ba2 Ng5 26. h4 Nxf3+ 27. Qxf3
Qxf3 28. Nxf3 Nc6 29. Bxe6 Nxe5 30. Bxd7 Nxd7 31. Rc7 Bf6 32. Bxf6 Nxf6 33. Ra7
Ng4 34. Rxa6 Rc8 35. g3 g6 36. Ra5 Rc1+ 37. Kg2 Rc2 38. Nd4 Rxf2+ 39. Kg1 Rd2
40. Ne6 h5 41. Nf4 Rd6 42. Rxb5 Ra6 43. Ra5 Rc6 44. Ra7 Rc3 45. Nxg6+ Kg8 46.
Ne7+ Kf8 47. Nxf5 Rc1+ 48. Kg2 Rc2+ 49. Kf3 1-0

[Event "XXXIV Festival Conca della Presolana Magistrale"]
[Site "Bratto - Castione della Presolana ITA"]
[Date "2014.08.25"]
[Round "4"]
[White "Murgia, Andrea"]
[Black "Gentili, Gianguido"]
[WhiteElo "1967"]
[BlackElo "2099"]
[Result "1-0"]
[PlyCount "65"]
[EventDate "2014.08.22"]

1. f4 d6 2. g3 Nf6 3. Bg2 c6 4. Nf3 Bg4 5. c3 Nbd7 6. d4 Ne4 7. Nbd2 Ndf6 8.
Nxe4 Nxe4 9. O-O f5 10. Ng5 Nxg5 11. fxg5 e6 12. h3 Bh5 13. g4 fxg4 14. e4 Qd7
15. hxg4 Bg6 16. d5 cxd5 17. exd5 e5 18. Be3 Be7 19. Qe2 a6 20. b4 b5 21. a4
bxa4 22. c4 Rc8 23. Rf2 Rf8 24. Rxf8+ Kxf8 25. c5 dxc5 26. Bxc5 Bxc5+ 27. bxc5
Rxc5 28. Qf2+ Kg8 29. Qxc5 Qxg4 30. d6 h5 31. Qxe5 h4 32. Qd5+ Kh7 33. d7 1-0

[Event "XXXIV Festival Conca della Presolana Magistrale"]
[Site "Bratto - Castione della Presolana ITA"]
[Date "2014.08.25"]
[Round "4"]
[White "Nicolo', Filippo"]
[Black "Lavorgna, Giovanni"]
[WhiteElo "2066"]
[BlackElo "1962"]
[Result "1-0"]
[PlyCount "97"]
[EventDate "2014.08.22"]

1. e4 c5 2. Nc3 d6 3. f4 Nc6 4. Bb5 Bd7 5. Nf3 Nf6 6. d3 g6 7. O-O Bg7 8. Bxc6
Bxc6 9. Qe1 Qd7 10. Bd2 O-O 11. h3 e6 12. Qh4 b5 13. e5 Nd5 14. Ne4 dxe5 15.
fxe5 Ne7 16. Nxc5 Qc7 17. Ne4 Nf5 18. Qf2 Qb6 19. Qxb6 axb6 20. Rfe1 Rfc8 21.
g4 Ne7 22. Bg5 Nd5 23. c3 h6 24. Bd2 Rc7 25. a3 Rd8 26. Rad1 Ne7 27. Bc1 Bd5
28. Rd2 Nc6 29. d4 Na5 30. Rf2 Nb3 31. Nd6 Bc6 32. Bf4 g5 33. Bg3 Bf8 34. Ne4
Na5 35. Nf6+ Kh8 36. h4 gxh4 37. Bxh4 Be7 38. Nd2 Rg8 39. Nxg8 Bxh4 40. Nxh6
Bxf2+ 41. Kxf2 Kg7 42. g5 Kg6 43. Rg1 Rc8 44. Ke3 Rh8 45. Kf4 Bd5 46. Rf1 Rh7
47. Kg4 Rg7 48. Rf6+ Kh7 49. Nxf7 1-0

[Event "XXXIV Festival Conca della Presolana Magistrale"]
[Site "Bratto - Castione della Presolana ITA"]
[Date "2014.08.25"]
[Round "4"]
[White "Pakleza, Zbigniew"]
[Black "Qendro, Llambi"]
[WhiteElo "2498"]
[BlackElo "2330"]
[Result "1-0"]
[PlyCount "73"]
[EventDate "2014.08.22"]

1. d4 g6 2. Nf3 Bg7 3. Bf4 Nf6 4. e3 O-O 5. Be2 c5 6. c3 d6 7. h3 cxd4 8. exd4
Be6 9. O-O Qb6 10. Qd2 Ne4 11. Qc2 Nf6 12. Re1 Nc6 13. Bg5 Rac8 14. Bxf6 Bxf6
15. Qd2 Bd5 16. Na3 Na5 17. Nh2 h5 18. Nf1 Qd8 19. Ne3 Bg5 20. Qd3 Bxe3 21.
Qxe3 e6 22. b3 b6 23. c4 Bb7 24. Nb5 a6 25. Nc3 Re8 26. Rad1 d5 27. cxd5 exd5
28. Qd2 Qd6 29. Bf3 Rxe1+ 30. Rxe1 Qb4 31. Re3 Nc6 32. Bxd5 Nxd4 33. Bxb7 Rxc3
34. Re4 Qc5 35. Qxd4 Rc1+ 36. Kh2 Qc7+ 37. f4 1-0

[Event "XXXIV Festival Conca della Presolana Magistrale"]
[Site "Bratto - Castione della Presolana ITA"]
[Date "2014.08.25"]
[Round "4"]
[White "Pitzanti, Matteo"]
[Black "Roeder, Matthias"]
[WhiteElo "1967"]
[BlackElo "2422"]
[Result "1/2-1/2"]
[PlyCount "36"]
[EventDate "2014.08.22"]

1. d4 Nf6 2. Nf3 e6 3. e3 b6 4. Bd3 Bb7 5. O-O c5 6. c4 d6 7. Nc3 Nbd7 8. Re1
Be7 9. h3 a6 10. a4 h6 11. Bc2 cxd4 12. exd4 d5 13. Ne5 dxc4 14. Qe2 O-O 15.
Bf4 Bb4 16. Qxc4 Bxc3 17. bxc3 Nxe5 18. Bxe5 Qd5 1/2-1/2

[Event "XXXIV Festival Conca della Presolana Magistrale"]
[Site "Bratto - Castione della Presolana ITA"]
[Date "2014.08.25"]
[Round "4"]
[White "Rambaldi, Francesco"]
[Black "Ferro, Mario"]
[WhiteElo "2444"]
[BlackElo "2242"]
[Result "1-0"]
[PlyCount "89"]
[EventDate "2014.08.22"]

1. Nf3 d5 2. c4 c6 3. d4 Nf6 4. Nbd2 g6 5. e3 Bg7 6. b4 a5 7. b5 c5 8. Bb2 cxd4
9. Bxd4 O-O 10. Be2 Re8 11. O-O Nbd7 12. cxd5 Nxd5 13. Bxg7 Kxg7 14. Nc4 N5b6
15. Qd4+ f6 16. Rfd1 Nxc4 17. Bxc4 Qb6 18. Qd5 e6 19. Qd6 Qxd6 20. Rxd6 Kf7 21.
Rc1 Nc5 22. Be2 Ke7 23. Rd2 b6 24. Nd4 Bb7 25. Bf3 Bxf3 26. gxf3 e5 27. Nc6+
Ke6 28. Rcd1 Kf5 29. Rd6 Re6 30. h4 g5 31. hxg5 Rg8 32. Rd8 Rxg5+ 33. Kf1 Rg7
34. Ke2 Na4 35. Rc1 h6 36. f4 Nc5 37. Rh1 Ne4 38. Rh5+ Kg4 39. Rxh6 Nc3+ 40.
Kd3 Nxb5 41. Nxe5+ fxe5 42. Rxe6 exf4 43. Re4 Rc7 44. Rxf4+ Kg5 45. Rg8+ 1-0

[Event "XXXIV Festival Conca della Presolana Magistrale"]
[Site "Bratto - Castione della Presolana ITA"]
[Date "2014.08.25"]
[Round "4"]
[White "Ranieri, Fabrizio"]
[Black "Hunt, Adam C."]
[WhiteElo "2247"]
[BlackElo "2428"]
[Result "1/2-1/2"]
[PlyCount "143"]
[EventDate "2014.08.22"]

1. e4 c5 2. Nf3 e6 3. d4 cxd4 4. Nxd4 a6 5. Nc3 Qc7 6. Be2 Nf6 7. O-O Be7 8. a4
O-O 9. f4 d6 10. Be3 b6 11. Bf3 Bb7 12. Qe2 Nbd7 13. Nb3 Rac8 14. Qf2 Rfe8 15.
Kh1 Bf8 16. Rad1 g6 17. e5 Bxf3 18. Qxf3 Nh5 19. exd6 Bxd6 20. Rd3 Nhf6 21. Bd4
Be7 22. Rfd1 Red8 23. h3 h5 24. Bf2 Nb8 25. Rxd8+ Rxd8 26. Rxd8+ Bxd8 27. Bh4
Nc6 28. Ne4 Nd5 29. Bg3 h4 30. Bh2 Nce7 31. f5 Qxc2 32. fxe6 fxe6 33. Nd4 Qb1+
34. Bg1 Nf5 35. Nxf5 gxf5 36. Nc3 Nxc3 37. Qxc3 Be7 38. Qe5 Kf7 39. Kh2 Qd1 40.
Bd4 Qxa4 41. Bxb6 Qb4 42. Bc7 Bf6 43. Qe2 Qxb2 44. Qxa6 Qd4 45. Qe2 Ke7 46. Qb5
Qd5 47. Qe2 e5 48. Qh5 Qe4 49. Qh7+ Ke6 50. Qg8+ Kd7 51. Qf7+ Be7 52. Bb6 Qf4+
53. Kh1 Qf1+ 54. Kh2 Qf4+ 55. Kh1 e4 56. Qd5+ Bd6 57. Qb7+ Ke6 58. Qc8+ Kd5 59.
Qb7+ Kc4 60. Qc6+ Kb4 61. Bg1 Qe5 62. Qb6+ Kc4 63. Qc6+ Kb4 64. Qb6+ Kc4 65.
Qc6+ Kb3 66. Qb6+ Bb4 67. Qe3+ Kc4 68. Qe2+ Kb3 69. Qd1+ Kc4 70. Qe2+ Kb3 71.
Qd1+ Kc4 72. Qe2+ 1/2-1/2

[Event "XXXIV Festival Conca della Presolana Magistrale"]
[Site "Bratto - Castione della Presolana ITA"]
[Date "2014.08.25"]
[Round "4"]
[White "Razzano, Lorenzo"]
[Black "Ventura, Salvatore"]
[WhiteElo "1990"]
[BlackElo "2059"]
[Result "0-1"]
[PlyCount "52"]
[EventDate "2014.08.22"]

1. e4 c5 2. Nf3 Nc6 3. d4 cxd4 4. Nxd4 g6 5. Nc3 Bg7 6. Nde2 Nf6 7. g3 O-O 8.
Bg2 d6 9. O-O Qa5 10. Nf4 Bg4 11. f3 Bd7 12. Be3 Rac8 13. Rb1 Rfe8 14. Nfd5
Nxd5 15. exd5 Ne5 16. Bd4 Rc4 17. Kh1 Bf5 18. Bxe5 Bxe5 19. Qe2 Qc5 20. f4 Bxc3
21. bxc3 Rxc3 22. Rxb7 Rxc2 23. Qa6 Rxg2 24. Kxg2 Be4+ 25. Kh3 Qxd5 26. Rb5
Bg2+ 0-1

[Event "XXXIV Festival Conca della Presolana Magistrale"]
[Site "Bratto - Castione della Presolana ITA"]
[Date "2014.08.25"]
[Round "4"]
[White "Scagliotti, Mauro"]
[Black "Bianco, Valerio"]
[WhiteElo "2043"]
[BlackElo "2058"]
[Result "1/2-1/2"]
[PlyCount "88"]
[EventDate "2014.08.22"]

1. e4 e6 2. d3 d5 3. Nd2 Nf6 4. Ngf3 c5 5. g3 Nc6 6. Bg2 Be7 7. O-O Qc7 8. Re1
b6 9. e5 Nd7 10. Qe2 Bb7 11. c3 h6 12. Nf1 O-O-O 13. d4 Kb8 14. Bd2 g5 15. Be3
Rdg8 16. Rec1 h5 17. Ne1 c4 18. f4 g4 19. Nc2 Ka8 20. Kf2 f6 21. Rd1 fxe5 22.
fxe5 Qd8 23. Kg1 Nf8 24. Nd2 h4 25. Rf1 Qe8 26. Rf4 Qg6 27. Nf1 Nd8 28. Kf2 Nf7
29. Ke1 Nh6 30. Kd2 Nf5 31. Re1 Kb8 32. Kc1 hxg3 33. hxg3 Bc6 34. Bd2 Ba4 35.
Na1 Bg5 36. Rf2 Bxd2+ 37. Qxd2 Rh7 38. b3 Bb5 39. a4 Ba6 40. b4 Bc8 41. Nc2 Bd7
42. b5 a5 43. Kb2 Rf7 44. Nce3 Nxe3 1/2-1/2

[Event "XXXIV Festival Conca della Presolana Magistrale"]
[Site "Bratto - Castione della Presolana ITA"]
[Date "2014.08.25"]
[Round "4"]
[White "Sveshnikov, Evgeny E."]
[Black "Stopa, Jacek"]
[WhiteElo "2502"]
[BlackElo "2498"]
[Result "1/2-1/2"]
[PlyCount "23"]
[EventDate "2014.08.22"]

1. e4 e5 2. Nf3 Nc6 3. d4 exd4 4. Nxd4 Nf6 5. Nc3 Bb4 6. Nxc6 bxc6 7. Bd3 d5 8.
exd5 cxd5 9. O-O O-O 10. Bg5 c6 11. Qf3 Be7 12. h3 1/2-1/2

[Event "XXXIV Festival Conca della Presolana Magistrale"]
[Site "Bratto - Castione della Presolana ITA"]
[Date "2014.08.25"]
[Round "4"]
[White "Sveshnikov, Vladimir"]
[Black "Ulybin, Mikhail"]
[WhiteElo "2380"]
[BlackElo "2501"]
[Result "1-0"]
[PlyCount "129"]
[EventDate "2014.08.22"]

1. d4 e6 2. c4 f5 3. g3 Nf6 4. Bg2 d5 5. Qc2 c6 6. Nh3 Bd6 7. O-O O-O 8. Bf4
Be7 9. Nd2 Nh5 10. Nf3 Nd7 11. Bd2 Bd6 12. e3 Ndf6 13. a3 a5 14. Nf4 Nxf4 15.
exf4 dxc4 16. Qxc4 Nd5 17. Rfe1 Bd7 18. Ne5 Re8 19. Rac1 Re7 20. Qb3 Be8 21. a4
Bxe5 22. Rxe5 Bf7 23. Rc5 h6 24. h3 Kh8 25. Bf3 Be8 26. Kg2 b6 27. Rc1 Qd6 28.
Rce1 Raa7 29. Qc4 Kh7 30. b3 Bf7 31. Bc1 Nb4 32. Ba3 Red7 33. Bxb4 axb4 34.
Qxc6 Qxc6 35. Bxc6 Rxd4 36. Bb5 Rc7 37. Bc4 Rd6 38. Rb5 Be8 39. Rxb4 Bc6+ 40.
Kf1 Bd5 41. Bxd5 exd5 42. Rd4 Kg6 43. Red1 Rcd7 44. Ke2 Kf6 45. R1d3 Ke7 46.
Re3+ Re6 47. Rxe6+ Kxe6 48. Rb4 Rd6 49. Kd3 Kd7 50. a5 bxa5 51. Rb5 Ke6 52.
Rxa5 Rb6 53. Kc3 Rc6+ 54. Kb2 d4 55. b4 Rc4 56. Re5+ Kd6 57. b5 d3 58. Re3 Rd4
59. Kc1 Rd5 60. Re5 d2+ 61. Kd1 Rd4 62. Rxf5 Ke6 63. Re5+ Kf6 64. Rc5 Rd3 65.
b6 1-0

[Event "XXXIV Festival Conca della Presolana Magistrale"]
[Site "Bratto - Castione della Presolana ITA"]
[Date "2014.08.26"]
[Round "5"]
[White "Attuati, Stefano"]
[Black "Bresciani, Nicola"]
[WhiteElo "2006"]
[BlackElo "2226"]
[Result "1-0"]
[PlyCount "39"]
[EventDate "2014.08.22"]

1. e4 c5 2. Nf3 d6 3. d4 cxd4 4. Nxd4 Nf6 5. Nc3 a6 6. Bc4 e6 7. Bb3 b5 8. Qf3
Qc7 9. Bg5 Nbd7 10. O-O-O b4 11. Na4 Bb7 12. Rhe1 Rc8 13. Qh3 Ne5 14. f4 Neg4
15. Qh4 Nxe4 16. Qxg4 Nf2 17. Rxe6+ fxe6 18. Qxe6+ Be7 19. Qf7+ Kd8 20. Ne6+
1-0

[Event "XXXIV Festival Conca della Presolana Magistrale"]
[Site "Bratto - Castione della Presolana ITA"]
[Date "2014.08.26"]
[Round "5"]
[White "Bonassi, Tommaso"]
[Black "Cugini, Verter"]
[WhiteElo "2012"]
[BlackElo "2079"]
[Result "0-1"]
[PlyCount "196"]
[EventDate "2014.08.22"]

1. e4 e6 2. d3 b5 3. Nd2 c5 4. Ngf3 Nc6 5. g3 d5 6. Bg2 Nf6 7. O-O Be7 8. Re1
O-O 9. e5 Nd7 10. Nf1 Qc7 11. Bf4 d4 12. h4 Bb7 13. N1h2 Nb4 14. Bd2 Nd5 15.
Qe2 Rae8 16. Ng5 Bxg5 17. hxg5 Ne7 18. Bxb7 Qxb7 19. Qh5 Ng6 20. Ng4 Qd5 21. f4
f5 22. gxf6 gxf6 23. Re2 Re7 24. Rh2 Rg7 25. Rf1 f5 26. Nh6+ Kh8 27. Kf2 Rc8
28. Rfh1 Ndf8 29. Qg5 Nxe5 30. Qf6 Ng4+ 31. Nxg4 fxg4 32. Rh5 Qf3+ 33. Ke1
Qxg3+ 34. Kd1 Qf3+ 35. Kc1 Qb7 36. f5 Qe7 37. Qe5 exf5 38. Qxf5 Qd7 39. Qf6 Qe7
40. Qf5 Re8 41. Bh6 Rf7 42. Qxg4 Nd7 43. Bg5 Qe2 44. Qh3 Nf8 45. Rh6 Qf2 46.
Qh4 Qxh4 47. Bxh4 Nd7 48. Rd6 Ref8 49. Kd2 Ne5 50. Ke2 Ng4 51. Re6 Ne3 52. c3
Nf5 53. Be1 Ng7 54. Re4 Nf5 55. b4 cxb4 56. cxd4 a5 57. Rg1 Rg8 58. Rxg8+ Kxg8
59. d5 Rd7 60. Re5 Nd4+ 61. Kf2 Kf7 62. Bd2 b3 63. Bc3 Nc2 64. axb3 a4 65. bxa4
bxa4 66. Re2 Na3 67. Re4 Nb5 68. Ba1 a3 69. Rb4 Rxd5 70. Ke3 h5 71. Ke4 Rg5 72.
d4 Nd6+ 73. Kf4 Rg1 74. Bc3 Rc1 75. Bb2 axb2 76. Rxb2 Rg1 77. Rh2 Kg6 78. Ke5
Nc4+ 79. Ke6 Re1+ 80. Kd5 Ne3+ 81. Kc5 Rc1+ 82. Kd6 Nf5+ 83. Ke5 Re1+ 84. Kd5
Rd1 85. Ke5 Nxd4 86. Rg2+ Kh6 87. Rg8 Nf3+ 88. Kf6 Rd6+ 89. Kf5 Nh4+ 90. Kf4
Ng6+ 91. Kg3 Kg5 92. Ra8 Rd3+ 93. Kh2 h4 94. Ra5+ Kg4 95. Ra4+ Nf4 96. Ra1 Rd2+
97. Kh1 h3 98. Rf1 Ne2 0-1

[Event "XXXIV Festival Conca della Presolana Magistrale"]
[Site "Bratto - Castione della Presolana ITA"]
[Date "2014.08.26"]
[Round "5"]
[White "Bonato, Mariano"]
[Black "Franciosi, Fausto"]
[WhiteElo "2139"]
[BlackElo "2101"]
[Result "1-0"]
[PlyCount "73"]
[EventDate "2014.08.22"]

1. e4 d6 2. d4 Nf6 3. Bd3 e5 4. c3 g6 5. f4 Nc6 6. Nf3 Bg4 7. fxe5 dxe5 8. O-O
Bg7 9. d5 Nb8 10. h3 Bxf3 11. Qxf3 O-O 12. Bg5 Nbd7 13. c4 c6 14. Nc3 Qb6+ 15.
Rf2 Rae8 16. Rb1 a5 17. a3 cxd5 18. cxd5 Rc8 19. g4 h6 20. Be3 Qd8 21. Rbf1 Ne8
22. d6 Nxd6 23. Rd1 Nb6 24. Bc2 Qc7 25. Bb3 Ndc4 26. Bxc4 Nxc4 27. Nd5 Nxe3 28.
Nxc7 Nxd1 29. Rc2 Rfd8 30. Qe2 Rd4 31. Nb5 Rxc2 32. Qxc2 Rd8 33. Qc7 Bf6 34.
Nd6 Rf8 35. Nxb7 a4 36. Nc5 Rd8 37. Nd7 1-0

[Event "XXXIV Festival Conca della Presolana Magistrale"]
[Site "Bratto - Castione della Presolana ITA"]
[Date "2014.08.26"]
[Round "5"]
[White "Castaldo, Folco"]
[Black "Ranieri, Fabrizio"]
[WhiteElo "2436"]
[BlackElo "2247"]
[Result "1-0"]
[PlyCount "61"]
[EventDate "2014.08.22"]

1. Nf3 d5 2. c4 e6 3. g3 Nf6 4. Bg2 Be7 5. O-O O-O 6. b3 c5 7. Bb2 Nc6 8. e3 d4
9. exd4 cxd4 10. Re1 Ne8 11. Na3 f6 12. Nh4 g5 13. Nf3 e5 14. h4 Bg4 15. Qe2 f5
16. c5 d3 17. Qe3 Bxf3 18. Qxf3 e4 19. Qh5 g4 20. Rxe4 fxe4 21. Bxe4 Nf6 22.
Bxh7+ Kg7 23. Qg6+ Kh8 24. Qh6 Nd4 25. Bxd3+ Kg8 26. Bc4+ Rf7 27. Qg6+ Kh8 28.
Bxf7 Bxc5 29. Qh6+ Nh7 30. Bg6 Qe7 31. Nc2 1-0

[Event "XXXIV Festival Conca della Presolana Magistrale"]
[Site "Bratto - Castione della Presolana ITA"]
[Date "2014.08.26"]
[Round "5"]
[White "Czakon, Jakub"]
[Black "Pitzanti, Matteo"]
[WhiteElo "2474"]
[BlackElo "1967"]
[Result "1-0"]
[PlyCount "85"]
[EventDate "2014.08.22"]

1. Nf3 d5 2. c4 e6 3. e3 Nf6 4. b3 c5 5. Bb2 Nc6 6. cxd5 exd5 7. Bb5 Be7 8. Ne5
Qb6 9. Nc3 O-O 10. Nxc6 bxc6 11. Be2 Bf5 12. Na4 Qa5 13. O-O Rad8 14. d3 Nd7
15. Rc1 Qb4 16. d4 Rc8 17. Bc3 Qa3 18. Bb2 Qb4 19. a3 Qb7 20. Nxc5 Nxc5 21.
dxc5 Be6 22. b4 Rfd8 23. Bd3 Bf8 24. Qc2 h6 25. Rb1 Qe7 26. Rfc1 Qg5 27. Bd4
Bg4 28. Kh1 Qh5 29. a4 Re8 30. b5 cxb5 31. axb5 Bd6 32. f4 Bb8 33. c6 Re6 34.
Kg1 f5 35. h3 Bxh3 36. gxh3 Rg6+ 37. Kh2 Qf3 38. Rg1 Bxf4+ 39. exf4 Qxf4+ 40.
Kh1 Qf3+ 41. Rg2 Rg3 42. Bxf5 Re8 43. c7 1-0

[Event "XXXIV Festival Conca della Presolana Magistrale"]
[Site "Bratto - Castione della Presolana ITA"]
[Date "2014.08.26"]
[Round "5"]
[White "Ferro, Mario"]
[Black "Nicolo', Filippo"]
[WhiteElo "2242"]
[BlackElo "2066"]
[Result "1-0"]
[PlyCount "57"]
[EventDate "2014.08.22"]

1. Nf3 d5 2. e3 Nf6 3. d4 Bg4 4. c4 dxc4 5. Bxc4 e6 6. Qb3 Bxf3 7. gxf3 Nbd7 8.
Nc3 c5 9. d5 exd5 10. Nxd5 Rb8 11. Nc3 Ne5 12. Bb5+ Ned7 13. e4 a6 14. Bxd7+
Qxd7 15. Bf4 Rc8 16. Rd1 Qc6 17. Nd5 c4 18. Nxf6+ gxf6 19. Qc3 Rg8 20. Rd5 Rd8
21. Rxd8+ Kxd8 22. Ke2 Ke8 23. Rd1 Be7 24. Qd4 Qb5 25. a4 Qxa4 26. Qa7 Qa5 27.
Qxb7 c3 28. Qd7+ Kf8 29. Bh6+ 1-0

[Event "XXXIV Festival Conca della Presolana Magistrale"]
[Site "Bratto - Castione della Presolana ITA"]
[Date "2014.08.26"]
[Round "5"]
[White "Gentili, Gianguido"]
[Black "Bianco, Valerio"]
[WhiteElo "2099"]
[BlackElo "2058"]
[Result "0-1"]
[PlyCount "112"]
[EventDate "2014.08.22"]

1. Nf3 d5 2. g3 c6 3. Bg2 Bg4 4. d4 Nd7 5. c4 e6 6. cxd5 exd5 7. O-O Ngf6 8.
Bf4 Be7 9. Nc3 O-O 10. Qc2 Bh5 11. Ne5 Nxe5 12. dxe5 Nd7 13. h4 Bg6 14. Qc1 Nc5
15. Rd1 Ne6 16. Bf3 h6 17. a3 a5 18. e4 d4 19. Ne2 Qb6 20. Qc4 c5 21. Bg2 Rfd8
22. Kh2 Qc6 23. f3 b5 24. Qc1 c4 25. Bh3 Bc5 26. a4 b4 27. Qxc4 d3 28. Be3 dxe2
29. Rd5 Qb6 30. Bxc5 Nxc5 31. Qxe2 Rxd5 32. exd5 Nd3 33. h5 Bh7 34. f4 Rd8 35.
Bg2 Qd4 36. Rd1 Qxb2 37. Rd2 Qd4 38. d6 Bf5 39. Qf3 Qc3 40. Qe3 Nc5 41. Qe2 Bg4
42. Qf2 b3 43. Bd5 Nxa4 44. f5 Qxe5 45. Bxb3 Rxd6 46. Rxd6 Qxd6 47. Bxa4 Qe5
48. Bc2 Bxh5 49. Kh3 f6 50. Bb3+ Kh7 51. Be6 Qe4 52. Kh2 Bf3 53. Qf1 a4 54. Ba2
Qe2+ 55. Qxe2 Bxe2 56. Kg2 Bd1 0-1

[Event "XXXIV Festival Conca della Presolana Magistrale"]
[Site "Bratto - Castione della Presolana ITA"]
[Date "2014.08.26"]
[Round "5"]
[White "Gilevych, Artem"]
[Black "Rambaldi, Francesco"]
[WhiteElo "2362"]
[BlackElo "2444"]
[Result "0-1"]
[PlyCount "88"]
[EventDate "2014.08.22"]

1. d4 Nf6 2. c4 e6 3. Nf3 d5 4. Nc3 Bb4 5. Bg5 h6 6. Bd2 O-O 7. e3 b6 8. Be2
Bb7 9. O-O Bd6 10. cxd5 exd5 11. Nb5 Be7 12. Rc1 c6 13. Nc3 Bd6 14. Ne5 c5 15.
b4 cxb4 16. Nb5 a5 17. f3 Qe7 18. Be1 Nbd7 19. Bg3 Nh5 20. Bf2 Rac8 21. Nxd6
Qxd6 22. g4 Nhf6 23. Bg3 Qe6 24. Bd3 Nxe5 25. dxe5 Rxc1 26. Qxc1 Nd7 27. Bf5
Qc6 28. e6 fxe6 29. Qxc6 Bxc6 30. Bxe6+ Kh8 31. Rc1 Nc5 32. Bf5 Bb5 33. Bd6 Ra8
34. e4 dxe4 35. fxe4 a4 36. Bxc5 bxc5 37. Rxc5 Bd3 38. Be6 Rb8 39. g5 b3 40.
axb3 axb3 41. Bxb3 Rxb3 42. g6 Rb8 43. Re5 Bc4 44. Kf2 Rb6 0-1

[Event "XXXIV Festival Conca della Presolana Magistrale"]
[Site "Bratto - Castione della Presolana ITA"]
[Date "2014.08.26"]
[Round "5"]
[White "Hunt, Adam C."]
[Black "Gleizerov, Evgeny"]
[WhiteElo "2428"]
[BlackElo "2552"]
[Result "1/2-1/2"]
[PlyCount "56"]
[EventDate "2014.08.22"]

1. e4 e6 2. d4 d5 3. Nc3 Nf6 4. Bg5 Be7 5. e5 Nfd7 6. h4 h6 7. Be3 c5 8. Qg4 g6
9. h5 g5 10. f4 cxd4 11. Bxd4 Nc6 12. Nf3 Nxd4 13. Nxd4 a6 14. O-O-O Qc7 15.
Re1 Nc5 16. Kb1 Bd7 17. Nf3 O-O-O 18. fxg5 hxg5 19. Qd4 Kb8 20. Be2 Bc6 21. Qe3
b5 22. Bd3 Bb7 23. Ne2 f5 24. Nxg5 d4 25. Qf4 Bf8 26. Qh4 Be7 27. Qf4 Bf8 28.
Qh4 Be7 1/2-1/2

[Event "XXXIV Festival Conca della Presolana Magistrale"]
[Site "Bratto - Castione della Presolana ITA"]
[Date "2014.08.26"]
[Round "5"]
[White "Janev, Evgeni"]
[Black "Aghayev, Miragha"]
[WhiteElo "2439"]
[BlackElo "2357"]
[Result "1-0"]
[PlyCount "81"]
[EventDate "2014.08.22"]

1. e4 c5 2. c3 d5 3. exd5 Qxd5 4. Nf3 Nc6 5. Na3 Nf6 6. Be2 e5 7. d3 Be7 8. O-O
h6 9. Nc4 Be6 10. Re1 O-O-O 11. Qa4 g5 12. Bf1 Nd7 13. Nfd2 Ndb8 14. a3 f6 15.
Ne3 Qd7 16. b4 a6 17. Rb1 Qc7 18. Qd1 Qd7 19. Nec4 Qc7 20. b5 axb5 21. Rxb5 Na6
22. Qa4 Na7 23. Rb6 Bd5 24. Rb1 Bc6 25. Qb3 Kb8 26. a4 Bd5 27. Qc2 Bd6 28. Ba3
f5 29. Nb6 Bc6 30. Ndc4 Nc8 31. Nxc8 Kxc8 32. d4 Be4 33. Rxe4 fxe4 34. Nb6+ Kb8
35. Bxa6 Qc6 36. d5 Qe8 37. Nc4 Rh7 38. Qxe4 Rf7 39. Bb5 Qe7 40. Bc6 Qf6 41. f3
1-0

[Event "XXXIV Festival Conca della Presolana Magistrale"]
[Site "Bratto - Castione della Presolana ITA"]
[Date "2014.08.26"]
[Round "5"]
[White "Lavorgna, Giovanni"]
[Black "Razzano, Lorenzo"]
[WhiteElo "1962"]
[BlackElo "1990"]
[Result "0-1"]
[PlyCount "120"]
[EventDate "2014.08.22"]

1. Nf3 Nf6 2. c4 Nc6 3. Nc3 e5 4. d3 Bb4 5. Bd2 O-O 6. g3 Bxc3 7. Bxc3 e4 8.
Nd4 exd3 9. Qxd3 Ne5 10. Qc2 d6 11. Bg2 Nxc4 12. O-O-O Qe7 13. Nf5 Bxf5 14.
Qxf5 Ne5 15. Rd4 c6 16. Rhd1 d5 17. e4 Qe6 18. Qg5 h6 19. exd5 cxd5 20. Qf4 Ng6
21. Qf3 Rac8 22. Kb1 Qb6 23. Rb4 Qc5 24. a3 Ne4 25. Bd4 Nd2+ 26. Rxd2 Qc1+ 27.
Ka2 Qxd2 28. Bc3 Qc2 29. Qe3 Rfd8 30. Qd4 Rxc3 31. Qxc3 Qxf2 32. Qc7 Qf6 33.
Rxb7 d4 34. Rb8 Rxb8 35. Qxb8+ Kh7 36. Qxa7 Qe6+ 37. Ka1 d3 38. Qd4 Qe2 39. Be4
d2 40. Bc2 f5 41. Ka2 Ne7 42. g4 Qe6+ 43. Bb3 Qe4 44. Qxd2 Qxg4 45. Qd7 Qg5 46.
a4 f4 47. Bc2+ g6 48. Qe6 Kg7 49. Qe4 Qf6 50. Qf3 Nc6 51. Bb3 h5 52. Kb1 Kh6
53. Bd5 Nd4 54. Qe4 f3 55. Bc4 f2 56. Bf1 g5 57. Qd5 Qg6+ 58. Ka2 Nc2 59. Qb3
g4 60. Bd3 Qxd3 0-1

[Event "XXXIV Festival Conca della Presolana Magistrale"]
[Site "Bratto - Castione della Presolana ITA"]
[Date "2014.08.26"]
[Round "5"]
[White "Magrini, Fabrizio"]
[Black "Cebalo, Miso"]
[WhiteElo "2198"]
[BlackElo "2401"]
[Result "1/2-1/2"]
[PlyCount "55"]
[EventDate "2014.08.22"]

1. d4 Nf6 2. c4 e6 3. Nc3 Bb4 4. Qc2 O-O 5. a3 Bxc3+ 6. Qxc3 b5 7. cxb5 c6 8.
f3 cxb5 9. e4 Qb6 10. Qc5 Nc6 11. Be3 b4 12. Bd3 Ba6 13. Bxa6 Qxa6 14. Ne2 Rfc8
15. Kf2 Na5 16. axb4 Rxc5 17. dxc5 Qb5 18. bxa5 Qxb2 19. Rhb1 Qe5 20. a6 h6 21.
Bd4 Qc7 22. Rb7 Qc6 23. Ra5 Ne8 24. Be5 f6 25. Bb8 Qc8 26. Rab5 Qc6 27. Ra5 Qc8
28. Rab5 1/2-1/2

[Event "XXXIV Festival Conca della Presolana Magistrale"]
[Site "Bratto - Castione della Presolana ITA"]
[Date "2014.08.26"]
[Round "5"]
[White "Pakleza, Zbigniew"]
[Black "Sveshnikov, Evgeny E."]
[WhiteElo "2498"]
[BlackElo "2502"]
[Result "1/2-1/2"]
[PlyCount "91"]
[EventDate "2014.08.22"]

1. d4 d5 2. Bf4 c5 3. e3 Nc6 4. c3 Nf6 5. Nd2 Qb6 6. Qb3 c4 7. Qc2 Nh5 8. Bg3
Nxg3 9. hxg3 e5 10. dxe5 Nxe5 11. Ngf3 Nxf3+ 12. Nxf3 g6 13. O-O-O Bf5 14. Qd2
O-O-O 15. Nd4 Be6 16. Be2 Bg7 17. g4 h6 18. f4 Rd6 19. Nxe6 Rxe6 20. Bf3 Rxe3
21. Bxd5 Rd3 22. Qe2 Bxc3 23. Bxc4 Rxd1+ 24. Rxd1 Bd4 25. Kb1 Rd8 26. Bxf7 Be3
27. f5 gxf5 28. gxf5 Rxd1+ 29. Qxd1 Bd4 30. Qc2+ Kb8 31. Be6 a6 32. a3 Bf6 33.
Ka2 Qd4 34. b4 a5 35. Qc8+ Ka7 36. Qc5+ Qxc5 37. bxc5 Be7 38. Kb3 Bxc5 39. f6
b5 40. a4 bxa4+ 41. Kc4 Kb6 42. Kd5 a3 43. Ke5 h5 44. Kf5 Kc7 45. Ba2 Kd6 46.
f7 1/2-1/2

[Event "XXXIV Festival Conca della Presolana Magistrale"]
[Site "Bratto - Castione della Presolana ITA"]
[Date "2014.08.26"]
[Round "5"]
[White "Podini, Francesco"]
[Black "Ranfagni, Stefano"]
[WhiteElo "2031"]
[BlackElo "2042"]
[Result "1-0"]
[PlyCount "63"]
[EventDate "2014.08.22"]

1. e4 e6 2. d4 d5 3. Nc3 dxe4 4. Nxe4 Nd7 5. Bd3 Ngf6 6. Qe2 a6 7. Nf3 Nxe4 8.
Bxe4 Nf6 9. Bd3 b6 10. Bg5 Bb7 11. O-O-O Be7 12. Kb1 Nd5 13. Bd2 O-O 14. h4 b5
15. Ng5 h6 16. Nh7 Re8 17. Qg4 Kh8 18. Qh5 Nb4 19. Bxb4 Bxb4 20. Ng5 Qf6 21.
Nxf7+ Kg8 22. Ne5 Re7 23. Rh3 Bd6 24. Rg3 Bxe5 25. dxe5 Qxf2 26. Qg6 Rf7 27. a3
Qb6 28. Qxh6 c5 29. Qh7+ Kf8 30. Rxg7 Rxg7 31. Rf1+ Ke8 32. Qxg7 1-0